[Event "New York Marshall op"]
[Site "New York"]
[Date "2024.01.05"]
[Round "1"]
[White "Johnston, Daniel F"]
[Black "Subervi Nunez, Jonathan Sigfredo"]
[Result "1-0"]
[WhiteElo "2066"]
[BlackElo "2019"]
[PlyCount "73"]
[EventDate "2024.01.05"]
[EventType "swiss"]
[EventRounds "5"]
[EventCountry "USA"]
[SourceTitle "CB02_2024"]
[SourceDate "2024.01.10"]
[SourceVersion "1"]
[SourceVersionDate "2024.01.10"]
[SourceQuality "1"]

1. e4 c5 2. Nf3 e6 3. d3 Nc6 4. g3 d5 5. Nbd2 Nf6 6. Bg2 Be7 7. 0-0 0-0 8. e5 Ne8 9. c3 Nc7 10. Re1 b5 11. Nf1 Ba6 12. h4 b4 13. N1h2 Rb8 14. Ng5 h6 15. Ngf3 bxc3 16. bxc3 f5 17. exf6 Bxf6 18. d4 cxd4 19. cxd4 Re8 20. Ng4 Nb5 21. Nxf6+ Qxf6 22. Bf4 Rb6 23. Ne5 Nxe5 24. Bxe5 Qf5 25. Re3 Rc8 26. Rc1 Rxc1 27. Qxc1 Nxd4 28. Qc7 Qb1+ 29. Kh2 Nf5 30. g4 Rb7 31. Qd8+ Kh7 32. gxf5 Qxf5 33. Bg3 Rb6 34. Rf3 Qg4 35. Rf4 Qe2 36. Rf8 Bb5 37. Bf3 1-0

[Event "New York Marshall CC-ch 106th"]
[Site "New York"]
[Date "2022.12.17"]
[Round "6"]
[White "Tanenbaum, Zachary Chen"]
[Black "Johnston, Daniel F"]
[Result "1-0"]
[WhiteElo "2188"]
[BlackElo "2042"]
[PlyCount "73"]
[EventDate "2022.12.09"]
[EventType "swiss"]
[EventRounds "9"]
[EventCountry "USA"]
[SourceTitle "CBM 212 Extra"]
[Source "ChessBase"]
[SourceDate "2023.03.31"]
[SourceVersion "1"]
[SourceVersionDate "2023.03.31"]
[SourceQuality "1"]

1. e4 c5 2. Nf3 e6 3. d4 cxd4 4. Nxd4 Nc6 5. Nc3 Qc7 6. g3 a6 7. Bg2 Nf6 8. 0-0 Nxd4 9. Qxd4 Bc5 10. Bf4 d6 11. Qd2 h6 12. Rad1 e5 13. Be3 Bb4 14. Nb5 axb5 15. Qxb4 Rxa2 16. Rxd6 0-0 17. Rd2 Bd7 18. Rfd1 Rfa8 19. f3 Ra1 20. c3 R8a4 21. Qe7 Qc4 22. Bf1 Qb3 23. Rxd7 Nxd7 24. Rxd7 Ra8 25. Rd2 Re1 26. Kf2 Rb1 27. Qxb7 Raa1 28. Be2 Rxb2 29. Qc8+ Kh7 30. Qf5+ g6 31. Rxb2 Qxb2 32. Qxf7+ Kh8 33. Qf8+ Kh7 34. Qf7+ Kh8 35. Qf8+ Kh7 36. Qe7+ Kh8 37. Bxh6 1-0

[Event "Bay Area op"]
[Site "Burlingame"]
[Date "2019.01.06"]
[Round "8"]
[White "Wu, Rochelle"]
[Black "Johnston, Daniel F"]
[Result "0-1"]
[WhiteElo "2154"]
[BlackElo "1979"]
[PlyCount "80"]
[EventDate "2019.01.01"]
[EventType "swiss"]
[EventRounds "9"]
[EventCountry "USA"]
[SourceTitle "CBM 188 Extra"]
[Source "ChessBase"]
[SourceDate "2019.02.26"]
[SourceVersion "1"]
[SourceVersionDate "2019.02.26"]
[SourceQuality "1"]

1. d4 Nf6 2. c4 g6 3. f3 d5 4. cxd5 Nxd5 5. e4 Nb6 6. Nc3 Bg7 7. Be3 0-0 8. Qd2 e5 9. d5 c6 10. h4 cxd5 11. exd5 Na6 12. a3 Nc7 13. Rd1 Qd6 14. Qf2 Nbxd5 15. Bc5 Qc6 16. Nxd5 Nxd5 17. Bxf8 Bxf8 18. h5 Bc5 19. Qh4 Bf5 20. hxg6 Bxg6 21. Ne2 Re8 22. Ng3 Ne3 23. Rd8 Nc2+ 24. Kd2 Be3+ 25. Kd1 Nd4 26. Rxe8+ Qxe8 27. Ne4 Qa4+ 28. Ke1 Qc6 29. Qd8+ Kg7 30. Nc3 Bf4 31. Kd1 Bc2+ 32. Ke1 Qg6 33. Rh3 Bg3+ 34. Kd2 Nb3+ 35. Ke3 h5 36. Ne4 Bxe4 37. fxe4 Qh6+ 38. Ke2 Qf4 39. Rxg3+ Qxg3 40. Qd3 Nc1+ 0-1

[Event "Eastern op 45th"]
[Site "Tysons"]
[Date "2018.12.28"]
[Round "2"]
[White "Johnston, Daniel F"]
[Black "Erenburg, Sergey"]
[Result "1-0"]
[WhiteElo "1979"]
[BlackElo "2589"]
[PlyCount "131"]
[EventDate "2018.12.27"]
[EventType "swiss"]
[EventRounds "7"]
[EventCountry "USA"]
[SourceTitle "CBM 188 Extra"]
[Source "ChessBase"]
[SourceDate "2019.02.26"]
[SourceVersion "1"]
[SourceVersionDate "2019.02.26"]
[SourceQuality "1"]

1. Nf3 d5 2. g3 c6 3. Bg2 Nf6 4. 0-0 Bg4 5. h3 Bh5 6. d4 e6 7. c4 Be7 8. cxd5 Bxf3 9. Bxf3 exd5 10. Nc3 Nbd7 11. Qd3 0-0 12. Rb1 a5 13. a3 Re8 14. b4 axb4 15. axb4 b5 16. Bg5 Ra3 17. Bxf6 Bxf6 18. Ra1 Rb3 19. Rfb1 Rxb1+ 20. Nxb1 Nb6 21. Nd2 Be7 22. Qc3 Qd7 23. Ra6 Qb7 24. Ra1 Na4 25. Qb3 Qd7 26. Rc1 Nb6 27. Bg4 f5 28. Bf3 Qd6 29. Qc2 g6 30. Nb3 Nc4 31. Nc5 f4 32. g4 Bf6 33. Qc3 Bd8 34. Nb7 Qe7 35. Nxd8 Rxd8 36. Ra1 Qb7 37. Qc1 Qb8 38. Ra6 Qd6 39. Qc3 Kg7 40. Kg2 Qc7 41. Qa1 Rb8 42. h4 h6 43. Qb1 Qb7 44. Qa1 Qd7 45. Qb1 Rf8 46. Qa1 Rf7 47. Ra8 Nb6 48. Ra6 Qb7 49. Qa5 Nc4 50. Qa1 g5 51. h5 Re7 52. Ra8 Nb6 53. Ra6 Na4 54. Ra5 Rf7 55. Qb1 Rf6 56. Qd3 Kf8 57. Qc2 Ke8 58. Qd3 Kd8 59. e3 fxe3 60. Qxe3 Nb6 61. Qe5 Nd7 62. Qe3 Kc7 63. Qa3 Kb8 64. Qe3 Kc7 65. Qa3 Kb6 66. Ra8 1-0

[Event "Eastern op 45th"]
[Site "Tysons"]
[Date "2018.12.28"]
[Round "3"]
[White "Johnston, Daniel F"]
[Black "Lenderman, Aleksandr"]
[Result "0-1"]
[WhiteElo "1979"]
[BlackElo "2632"]
[PlyCount "38"]
[EventDate "2018.12.27"]
[EventType "swiss"]
[EventRounds "7"]
[EventCountry "USA"]
[SourceTitle "CBM 188 Extra"]
[Source "ChessBase"]
[SourceDate "2019.02.26"]
[SourceVersion "1"]
[SourceVersionDate "2019.02.26"]
[SourceQuality "1"]

1. Nf3 Nf6 2. g3 b5 3. Bg2 Bb7 4. 0-0 e6 5. d4 d5 6. b3 c5 7. c4 bxc4 8. bxc4 dxc4 9. Qa4+ Nbd7 10. Qxc4 Rc8 11. Rd1 cxd4 12. Qxd4 Bc5 13. Qh4 Qb6 14. e3 Ne4 15. Rxd7 Kxd7 16. Ne5+ Ke8 17. Bxe4 Be7 18. Bc6+ Rxc6 19. Qa4 Qa5 0-1

[Event "Wisconsin Int"]
[Site "Madison"]
[Date "2017.06.17"]
[Round "8"]
[White "Blatny, Pavel"]
[Black "Johnston, Daniel F"]
[Result "0-1"]
[WhiteElo "2394"]
[BlackElo "1935"]
[PlyCount "76"]
[EventDate "2017.06.13"]
[EventType "swiss"]
[EventRounds "9"]
[EventCountry "USA"]
[SourceTitle "CBM 179 Extra"]
[Source "ChessBase"]
[SourceDate "2017.08.23"]
[SourceVersion "1"]
[SourceVersionDate "2017.08.23"]
[SourceQuality "1"]

1. d4 Nf6 2. Nf3 g6 3. b3 Bg7 4. Bb2 0-0 5. g3 d5 6. Bg2 c5 7. e3 b6 8. 0-0 Bb7 9. Ne5 Nbd7 10. Nd2 Rc8 11. c4 e6 12. Qe2 Qc7 13. cxd5 Nxd5 14. Nd3 cxd4 15. exd4 Nc3 16. Bxc3 Bxg2 17. Rfc1 Ba8 18. f3 Qd6 19. Kg2 Rxc3 20. Rxc3 Bxd4 21. Nc4 Qc7 22. Rcc1 Bxa1 23. Rxa1 b5 24. Ne3 Ne5 25. Rc1 Qd6 26. Nxe5 Qxe5 27. b4 Qd4 28. a3 a6 29. Rc5 Rd8 30. h4 h5 31. Kh3 Qf6 32. f4 Qa1 33. Qf1 Qxa3 34. Qe1 Kg7 35. f5 Rd3 36. Nc2 Qb2 37. fxe6 Qf6 38. Rc7 Rxg3+ 0-1

[Event "Chicago op 26th"]
[Site "Chicago"]
[Date "2017.05.26"]
[Round "2"]
[White "Furfine, Jacob"]
[Black "Johnston, Daniel F"]
[Result "1-0"]
[WhiteElo "2191"]
[BlackElo "1935"]
[PlyCount "105"]
[EventDate "2017.05.25"]
[EventType "swiss"]
[EventRounds "9"]
[EventCountry "USA"]
[SourceTitle "CBM 178 Extra"]
[Source "ChessBase"]
[SourceDate "2017.06.22"]
[SourceVersion "1"]
[SourceVersionDate "2017.06.22"]
[SourceQuality "1"]

1. d4 Nf6 2. Nf3 g6 3. Bf4 Bg7 4. e3 0-0 5. Be2 d5 6. 0-0 c5 7. c3 Nc6 8. Ne5 Nxe5 9. dxe5 Ne8 10. Nd2 b6 11. Nf3 Bb7 12. h4 Nc7 13. h5 Ne6 14. Qc2 Nxf4 15. exf4 Bc8 16. Rad1 Bf5 17. Qd2 e6 18. hxg6 Bxg6 19. g3 Qe7 20. Kg2 Rad8 21. Qe3 Be4 22. Bd3 Bxd3 23. Qxd3 f5 24. exf6 Bxf6 25. Rde1 Rde8 26. Rh1 Qg7 27. f5 c4 28. Qd2 Qd7 29. fxe6 Rxe6 30. Rxe6 Qxe6 31. Qh6 Qf5 32. Qh5 Bg7 33. Qxf5 Rxf5 34. Re1 Rf8 35. g4 Rf6 36. Rd1 Rd6 37. Nd4 Bxd4 38. Rxd4 b5 39. f4 Kf7 40. Kf3 Kf6 41. Rd2 a5 42. f5 Ke5 43. Re2+ Kf6 44. Rh2 Rd7 45. Kf4 d4 46. g5+ Kg7 47. f6+ Kg8 48. cxd4 Rxd4+ 49. Ke5 Rd1 50. Ke6 Re1+ 51. Kd5 Rg1 52. Ke6 Rxg5 53. Rd2 1-0

[Event "Chicago op 26th"]
[Site "Chicago"]
[Date "2017.05.25"]
[Round "1"]
[White "Johnston, Daniel F"]
[Black "Song, Edward"]
[Result "0-1"]
[WhiteElo "1935"]
[BlackElo "2302"]
[PlyCount "104"]
[EventDate "2017.05.25"]
[EventType "swiss"]
[EventRounds "9"]
[EventCountry "USA"]
[SourceTitle "CBM 178 Extra"]
[Source "ChessBase"]
[SourceDate "2017.06.22"]
[SourceVersion "1"]
[SourceVersionDate "2017.06.22"]
[SourceQuality "1"]

1. e4 c5 2. Nf3 e6 3. d3 a6 4. g3 b5 5. Bg2 Bb7 6. 0-0 d6 7. e5 Qc7 8. Re1 Nd7 9. Bf4 d5 10. c3 Ne7 11. d4 Nc6 12. Ng5 h6 13. Nf3 a5 14. Nbd2 b4 15. a3 Nb6 16. Qc2 c4 17. h4 Be7 18. Nf1 bxc3 19. bxc3 a4 20. N1h2 Na5 21. Ra2 Nb3 22. Ng4 Qd8 23. h5 Kd7 24. Be3 Qf8 25. Bc1 Ra5 26. Nd2 Qg8 27. Nb1 Nxc1 28. Rxc1 Rb5 29. f4 Qh7 30. Qxh7 Rxh7 31. Bf3 Rh8 32. Ne3 Rb3 33. Nc2 Na8 34. Nb4 Nc7 35. Nd2 Rb8 36. Nxb3 axb3 37. Rb2 Nb5 38. Be2 Ra8 39. Rxb3 cxb3 40. Bxb5+ Kd8 41. a4 Rc8 42. Nd3 Ba3 43. Rb1 Rxc3 44. Nc5 Bxc5 45. dxc5 Rxg3+ 46. Kf2 Rc3 47. a5 Kc7 48. Ke1 d4 49. a6 Be4 50. Rb2 Bc2 51. Be8 f6 52. Bf7 fxe5 0-1

[Event "Chicago op 25th"]
[Site "Chicago"]
[Date "2016.05.27"]
[Round "2"]
[White "Johnston, Daniel F"]
[Black "Haessel, Dale R"]
[Result "1-0"]
[WhiteElo "1929"]
[BlackElo "2234"]
[PlyCount "63"]
[EventDate "2016.05.26"]
[EventType "swiss"]
[EventRounds "9"]
[EventCountry "USA"]
[SourceTitle "CBM 172 Extra"]
[Source "ChessBase"]
[SourceDate "2016.06.21"]
[SourceVersion "1"]
[SourceVersionDate "2016.06.21"]
[SourceQuality "1"]

1. e4 e5 2. Nf3 Nc6 3. Bb5 a6 4. Ba4 Nf6 5. 0-0 Be7 6. d3 b5 7. Bb3 d6 8. a3 0-0 9. Nc3 h6 10. h3 Re8 11. Nd5 Bb7 12. c3 Bf8 13. Nh2 Nxd5 14. Bxd5 Rb8 15. f4 Na7 16. Ba2 d5 17. fxe5 Rxe5 18. Ng4 Re7 19. Be3 Nc8 20. Bc5 Rd7 21. Bxf8 Qxf8 22. Ne5 Qd6 23. Nxd7 Qxd7 24. e5 Nb6 25. Qh5 Re8 26. Rf4 Na4 27. Raf1 Re7 28. d4 Nxb2 29. Rg4 Nc4 30. Rf6 Re6 31. Qxh6 Rxf6 32. Qxg7# 1-0

[Event "Southwest Class-ch 7th"]
[Site "Dallas"]
[Date "2016.02.12"]
[Round "2"]
[White "Johnston, Daniel F"]
[Black "Sawyer, Bradley J"]
[Result "0-1"]
[WhiteElo "1906"]
[BlackElo "2124"]
[PlyCount "74"]
[EventDate "2016.02.11"]
[EventType "swiss"]
[EventRounds "9"]
[EventCountry "USA"]
[SourceTitle "EXT 2018"]
[Source "ChessBase"]
[SourceDate "2017.10.13"]
[SourceVersion "1"]
[SourceVersionDate "2017.10.13"]
[SourceQuality "1"]

1. e4 c5 2. Nf3 d6 3. d4 cxd4 4. Nxd4 Nf6 5. Nc3 a6 6. h3 e5 7. Nde2 Be7 8. g4 h6 9. Bg2 Nbd7 10. Be3 Qc7 11. 0-0 b5 12. a4 b4 13. Na2 Rb8 14. Qd2 Nc5 15. Ng3 a5 16. Nc1 Bb7 17. f3 d5 18. exd5 Nxd5 19. Nf5 Ne6 20. Nxe7 Nxe7 21. f4 Bxg2 22. Kxg2 Rd8 23. Qf2 exf4 24. Bxf4 Qc6+ 25. Kg1 Nxf4 26. Qxf4 0-0 27. Qf2 f5 28. Qe2 fxg4 29. Rxf8+ Rxf8 30. hxg4 Qc5+ 31. Kg2 Qd4 32. Kg3 Qd6+ 33. Kg2 Ng6 34. Nd3 Nh4+ 35. Kh1 Qg3 36. Rf1 Rxf1+ 37. Qxf1 Nf3 0-1

[Event "Southwest Class-ch 7th"]
[Site "Dallas"]
[Date "2016.02.11"]
[Round "1"]
[White "Song, Guannan Terry"]
[Black "Johnston, Daniel F"]
[Result "1-0"]
[WhiteElo "2200"]
[BlackElo "1906"]
[PlyCount "81"]
[EventDate "2016.02.11"]
[EventType "swiss"]
[EventRounds "9"]
[EventCountry "USA"]
[SourceTitle "EXT 2018"]
[Source "ChessBase"]
[SourceDate "2017.10.13"]
[SourceVersion "1"]
[SourceVersionDate "2017.10.13"]
[SourceQuality "1"]

1. e4 c5 2. Nf3 g6 3. d4 cxd4 4. Nxd4 Nc6 5. Nc3 Bg7 6. Be3 Nf6 7. Bc4 Qa5 8. 0-0 0-0 9. Bb3 d6 10. h3 Bd7 11. f4 Nxd4 12. Bxd4 Bc6 13. Qe1 Qd8 14. Rd1 Nd7 15. Bxg7 Kxg7 16. Nd5 Nb6 17. Qe3 Nxd5 18. exd5 Bd7 19. Kh1 h6 20. c3 Re8 21. Rd4 Qb6 22. f5 g5 23. Qf3 f6 24. Re4 Qd8 25. Rfe1 Rc8 26. Bc2 h5 27. Qxh5 Bxf5 28. Qxe8 Qxe8 29. Rxe7+ Qxe7 30. Rxe7+ Kg6 31. Bxf5+ Kxf5 32. Rxb7 Rc5 33. Rxa7 Rxd5 34. a4 Kf4 35. Kh2 f5 36. a5 Ke3 37. a6 Kd3 38. Rd7 Ra5 39. Rxd6+ Kc4 40. Kg3 Ra2 41. Rg6 1-0

[Event "US Open-115"]
[Site "Orlando"]
[Date "2014.07.31"]
[Round "6"]
[White "Johnston, Daniel F"]
[Black "Sinha, Sahil"]
[Result "0-1"]
[WhiteElo "1822"]
[BlackElo "1972"]
[PlyCount "54"]
[EventDate "2014.07.26"]
[EventType "swiss"]
[EventRounds "9"]
[EventCountry "USA"]
[SourceTitle "CBM 161 Extra"]
[Source "ChessBase"]
[SourceDate "2014.08.29"]
[SourceVersion "1"]
[SourceVersionDate "2014.08.29"]
[SourceQuality "1"]

1. e4 c5 2. Nf3 g6 3. d4 cxd4 4. Nxd4 Bg7 5. Nc3 Nc6 6. Be3 Nf6 7. Bc4 0-0 8. 0-0 d6 9. h3 Bd7 10. Qd2 Rc8 11. Bb3 Ne5 12. f4 Nc4 13. Bxc4 Rxc4 14. Qe2 Qc8 15. e5 Nh5 16. Nd5 Re8 17. Qf2 Be6 18. b3 Rxd4 19. Bxd4 Bxd5 20. c4 Bc6 21. g4 Bh6 22. Qh4 Nxf4 23. Bxa7 Bg5 24. Qe1 Nxh3+ 25. Kh2 Qxg4 26. Qg3 Qe2+ 27. Bf2 Bf4 0-1

[Event "US Open-115"]
[Site "Orlando"]
[Date "2014.07.29"]
[Round "4"]
[White "Johnston, Daniel F"]
[Black "Mathys, David A"]
[Result "1-0"]
[WhiteElo "1822"]
[BlackElo "2010"]
[PlyCount "85"]
[EventDate "2014.07.26"]
[EventType "swiss"]
[EventRounds "9"]
[EventCountry "USA"]
[SourceTitle "CBM 161 Extra"]
[Source "ChessBase"]
[SourceDate "2014.08.29"]
[SourceVersion "1"]
[SourceVersionDate "2014.08.29"]
[SourceQuality "1"]

1. e4 c5 2. Nf3 e6 3. d4 cxd4 4. Nxd4 Nc6 5. Nc3 Qc7 6. Be3 a6 7. Bd3 Nf6 8. 0-0 b5 9. f4 Bc5 10. Nf5 Bxe3+ 11. Nxe3 d6 12. Ng4 Bb7 13. Nxf6+ gxf6 14. Qg4 0-0-0 15. f5 Ne5 16. Qh3 Nxd3 17. cxd3 e5 18. Rac1 Qb6+ 19. Kh1 Kb8 20. Qh6 d5 21. exd5 Bxd5 22. Nxd5 Rxd5 23. Qg7 Rhd8 24. Qxh7 Qb7 25. Qg7 R8d6 26. Rf3 Qe7 27. h4 e4 28. dxe4 Qxe4 29. Qh8+ Rd8 30. Qxf6 R8d6 31. Qg5 Rd4 32. Rh3 Kb7 33. h5 Qe5 34. Rf1 Rd1 35. Rhf3 R6d4 36. h6 Rxf1+ 37. Rxf1 Qe2 38. Rg1 Qf2 39. g3 Rd2 40. Qh5 Re2 41. h7 Re1 42. Rxe1 Qxe1+ 43. Kg2 1-0